000 01143cam a2200265 4500
001 WS116347
008 020116n 000 0 eng u
035 _a(Sirsi) u116347
110 _aUnited Nations
_92749
245 _aUnited Nations Development Programme
520 _aWeb site for this United Nations organisation which is its principal provider of development advice and grant support with six priority practice areas, democratic governance, poverty reduction, crisis prevention and recovery, energy and environment, information and communications technology and HIV/AIDS. Includes the 'Human Development report', links to its journal 'Choices', details of its grants called Thematic Trust Funds and press release.
650 _aINTERNATIONAL
650 _aUNITED NATIONS
650 _aGRANTS
650 _aDEVELOPMENT
650 _aTHEMATIC TRUST FUNDS
650 _aPOVERTY
650 _aCRISIS PREVENTION
650 _aENERGY
_96237
650 _aEnvironment
_96238
650 _aAIDS
690 _aECONOMIC ISSUES
856 4 0 _uhttps://www.undp.org
_zView the website free of charge at www.undp.org...
942 _n0
999 _c119975
_d119975